00248nam a2200109Ia 4500008004100000082001600041100001900057245001800076250000900094260002700103300000800130150731s2014 xx 000 0 und d a611bH 14 C aCHAURASIA,B.D. aHUMAN ANATOMY a6 TH bC B S PUB. INDIAc2014 a311